| 000 | 00463nam a2200181Ia 4500 | ||
|---|---|---|---|
| 001 | 15874 | ||
| 005 | 20260306170228.0 | ||
| 008 | 260306t2015||||xx |||||||||||||| ||und|| | ||
| 041 | _aESP | ||
| 082 |
_a620.112 _bG17 |
||
| 100 |
_aGamio Arisnabarreta, Luis Eduardo _eAUT |
||
| 245 | 0 |
_aResistencia de materiales: _bteoría y aplicaciones |
|
| 260 | _c2015 | ||
| 300 |
_a445 páginas : _c25 cm. |
||
| 650 | _aGEN | ||
| 654 | _aCIA | ||
| 942 |
_cLIB _dJUS _fJUS _2ddc _n |
||
| 999 |
_c15874 _d15874 |
||